Statistics for UEFA Euro 1980 Results

Click here to take the quiz!

General Stats

  • This quiz has been taken 446 times
  • The average score is 7 of 8

Answers on the Map

Answers color-coded by a green-red scale on the quiz's map according to % correct below.
 

Answer Stats

Answer% Correct
Italy
98%
England
95%
Spain
95%
West Germany
90%
Belgium
87%
Netherlands
87%
Czechoslovakia
79%
Greece
57%

Score Distribution

Percentile by Number Answered

Percent of People with Each Score

Your Score History

You have not taken this quiz